Books Missing 'G' Words Quiz Stats

 Plays Quiz Updated Mar 3, 2019

Score 0/18 Timer 03:00
6 Plays Today
Hint Answer % Correct
Game
97.8%
Gatsby
97.1%
Goblet
96.2%
Gray
95.4%
Get
94.7%
Grapes
94.4%
Gulliver's
94%
George
93.7%
Geisha
92.6%
Hint Answer % Correct
Garden
92.2%
Green
92.2%
Gorillas
87.6%
Golden
81.3%
Garp
73.6%
Godot
70.4%
Good
54.4%
Glory
51.5%
Gita
38.3%

You're not logged in!

Compare scores with friends on all Sporcle quizzes.
OR
Log In

Sporcle TV

Today on Sporcle TV


Watch our educational content, quiz creation guides, and fun videos on Sporcle TV.

Show Comments

Extras

Top Quizzes Today


Score Distribution

Your Account Isn't Verified!

In order to create a playlist on Sporcle, you need to verify the email address you used during registration. Go to your Sporcle Settings to finish the process.

Report this User

Report this user for behavior that violates our Community Guidelines.

Details: